A formális fokozatok elméletének története VIII-XVI. /

Elmentve itt :
Bibliográfiai részletek
Szerző: Waldapfel János
Dokumentumtípus: Cikk
Megjelent: 1892
Sorozat:Magyar pedagógia : a Magyar Tudományos Akadémia Pedagógiai Bizottságának folyóirata 1
Kulcsszavak:Herbart Johann Friedrich, Neveléselmélet története, Herbartizmus
Online Access:http://misc.bibl.u-szeged.hu/6766
LEADER 00725nab a2200181 i 4500
001 misc6766
005 20191106144416.0
008 170607s1892 hu o 0|| hun d
022 |a 0025-0260 
040 |a SZTE Miscellanea Repozitórium  |b hun 
041 |a hun 
100 1 |a Waldapfel János 
245 1 2 |a A formális fokozatok elméletének története   |h [elektronikus dokumentum] :  |b VIII-XVI. /  |c  Waldapfel János 
260 |c 1892 
300 |a 577-602 
490 0 |a Magyar pedagógia : a Magyar Tudományos Akadémia Pedagógiai Bizottságának folyóirata  |v 1 
695 |a Herbart Johann Friedrich, Neveléselmélet története, Herbartizmus 
856 4 0 |u http://misc.bibl.u-szeged.hu/6766/1/mp_1892_0062_577-602.pdf  |z Dokumentum-elérés